000 00270 a2200109 4500
020 _a9788126702992
100 _aKrishna Sobti
245 _aDaar se bichhudi(डार से बिछुड़ी)
250 _a8th
260 _bRajkamal prakashan
_c2024
942 _cOO
999 _c116314
_d116313